ბათუმის შოთა რუსთაველის სახელმწიფო უნივერსიტეტის ბიბლიოთეკა

მოთხრობები : (ბიბ.ჩანაწერი № 40486)

000 -ლიდერი
ფიქსირებული სიგრძის საკონტროლო ველი 01321nam a2200265Ia 4500
001 - საკონტროლო ნომერი
საკონტროლო ველი 7097
003 - საკონტროლო ნომრის იდენტიფიკატორი
საკონტროლო ველი GE_BSU
005 - ბოლო ოპერაციის თარიღი და დრო
საკონტროლო ველი 20231106103731.0
008 - ფიქსირებული სიგრძის მონაცემთა ელემენტები - ზოგადი ინფორმაცია
ფიქსირებული სიგრძის საკონტროლო ველი 181216s2011||||ge |||||||||||||| ||geo||
020 ## - წიგნის საერთაშორისო სტანდარტული ნომერი
International Standard Book Number 9789941192029
040 ## - კატალოგიზაციის წყარო
Transcribing agency GE_BSU
041 ## - ენის კოდი
Language code of text/sound track or separate title geo
080 ## - უნივერსალური ათობითი კლასიფიკაციის ინდექსი
Universal Decimal Classification number 821.111-32 კ-53
100 ## - მთავარი ჩანაწერი - პიროვნების სახელი
Personal name კიპლინგი, რადიარდ
9 (RLIN) 15248
245 ## - ცნობა სათაურის შესახებ
Title მოთხრობები :
Remainder of title ათასი მწუხარების ჭიშკარი /
Statement of responsibility, etc რადიარდ კიპლინგი ;
Medium მთარგმნ. ედიშერ გიორგაძე ; რედ. მანანა ღოღობერიძე ; ყდის დიზაინ. ეთერ გზირიშვილი.
264 ## - წარმოების, გამოცემის, დისტრიბუციის და სხვა ცნობები
გამოცემის, წარმოების, დისტრიბუციის... ადგილი თბილისი :
გამოცემის, წარმოების, დისტრიბუციის... სახელწოდება პალიტრა L,
გამოცემის, წარმოების, დისტრიბუციის... თარიღი 2011.
300 ## - ფიზიკური აღწერა
Extent 160 გვ. ;
Dimensions 20 სმ.
490 ## - სერიის ცნობა
Series statement მსოფლიოს რჩეული მოთხრობები
653 ## - INDEX TERM--UNCONTROLLED
Uncontrolled term ათასი მწუხარების ჭიშკარი
653 ## - INDEX TERM--UNCONTROLLED
Uncontrolled term მოთხრობები
700 ## - ADDED ENTRY--PERSONAL NAME
Personal name გიორგაძე, ედიშერ
Relator term მთარგმნელი
9 (RLIN) 20281
700 ## - ADDED ENTRY--PERSONAL NAME
Personal name ღოღობერიძე, მანანა
Relator term რედაქტორი
9 (RLIN) 1391
942 ## - ADDED ENTRY ELEMENTS (KOHA)
Koha item type წიგნი
Source of classification or shelving scheme
ეგზემპლარები
ჩამოწერის სტატუსი დაკარგული ეგზემპლარის სტატუსი კლასიფიკაციის წყარო ან თაროზე გაწყობის სქემა დაზიანების სტატუსი არ გაიცემა მუდმივი მდებარეობა (დაცვის ადგილი) ამჟამინდელი ადგილსამყოფელი თაროზე განთავსების ადგილი შეძენის თარიღი ღირებულება, შესყიდვის ნორმალური ფასი სრული შენახვის შიფრი შტრიხკოდი ბოლო ოპერაციის თარიღი ეგზემპლარის მიმდევრობითი ნომერი (კეტერი?) ფასის ძალაში შესვლის თარიღი ეგზემპლარის სახეობა საჯარო შენიშვნა
          ბათუმის შოთა რუსთაველის სახელმწიფო უნივერსიტეტის მთავარი ბიბლიოთეკა ბათუმის შოთა რუსთაველის სახელმწიფო უნივერსიტეტის მთავარი ბიბლიოთეკა წიგნსაცავი 2018-12-17 4.00 821.111-32 კ-53 22947 2018-12-17 22947 2018-12-17 წიგნი 4.00 ₾.